| 000 | 00412pab a2200145 454500 | ||
|---|---|---|---|
| 008 | 180718b1985 xxu||||| |||| 00| 0 eng d | ||
| 100 | _aSingh, Udai Pratap and others | ||
| 245 | _aExtraversion, newroticiasm and criminality, comparative study of different criminal groups | ||
| 260 | _c1985 | ||
| 300 | _a259-66 | ||
| 362 | _aJuly | ||
| 650 | _aCriminals | ||
| 773 | _aIndian Jr. of Social Work | ||
| 909 | _a6928 | ||
| 999 |
_c6928 _d6928 |
||